000 00662nam a2200205 i 4500
001 78300
003 ES-MaACL
005 20231228062651.0
007 t|
008 041013s1926 sp ||||1| spa d
080 _a929 El Empecinado
100 1 _aHardman, Frederick.
_961819
245 1 3 _aEl Empecinado visto por un inglés /
_c[Frederick Hardman] ; traducción y prólogo de G. Marañón.
260 _aMadrid :
_bRuiz Hermanos,
_c1926 (
_fJaime Ratés)
300 _a218 p., 2 lám. ;
_c19 cm.
600 0 4 _aEl Empecinado (
_d1775-1825)
_9174360
700 1 _aMarañón, Gregorio,
_d1887-1960
_976311
852 4 _aES-MaACL
_jD-5534
999 _c78300
_d78300